La Magna Grecia
Guardat en:
| Autors principals: | , |
|---|---|
| Format: | Llibre |
| Idioma: | espanyol italià |
| Publicat: |
Bolonia, Italia
Il Mulino
2008
|
| Col·lecció: | Universal Paperbacks,
538 |
| Matèries: | |
| Etiquetes: |
Afegir etiqueta
Sense etiquetes, Sigues el primer a etiquetar aquest registre!
|
MARC
| LEADER | 00000cam a2200000 a 4500 | ||
|---|---|---|---|
| 001 | UCD9293 | ||
| 003 | CL-VaPUC | ||
| 005 | 20211030074402.0 | ||
| 008 | 170616e20080000it |||||||||||||||||spa|d | ||
| 999 | |c 368524 |d 368522 | ||
| 020 | |a 9788815124104 | ||
| 040 | |c Pontificia Universidad Católica de Valparaíso | ||
| 041 | 0 | 7 | |a spa |2 CL-VaPUC |
| 041 | 0 | 7 | |a ita |2 CL-VaPUC |
| 082 | 0 | 4 | |a 938 BRA 2008 |2 21 |
| 100 | 0 | |a Braccesi, Lorenzo |e author |9 592994 | |
| 245 | 1 | 3 | |a La Magna Grecia |
| 260 | |a Bolonia, Italia |b Il Mulino |c 2008 | ||
| 300 | |a 209 páginas | ||
| 490 | 0 | |a Universal Paperbacks, |v 538 | |
| 583 | |a last modification |c 20170616 21:05:00 |k Rodrigo Vera | ||
| 650 | 0 | |a Historia de Grecia |9 267917 | |
| 650 | 0 | |a Civilización griega |9 265578 | |
| 700 | 0 | |a Raviola, Flavio |e author |9 592995 | |
| 942 | |c BK |2 ddc | ||
| 945 | |d 20170616 21:05:00 |a dcastane | ||
| 952 | |0 0 |1 0 |3 erb |4 0 |6 938_000000000000000_BRA_2008 |7 0 |8 A |9 483878 |a FDOLAF |b BIBHIS |e Laffi, Umberto, 1939- |i 5397286 |l 3 |o 938 BRA 2008 |p 5397286 |r 2025-04-29 |s 2025-04-29 |w 2019-11-24 |y BK |z Catalogado en:20170616 |k LAF | ||